00626nam a22001817a 450000500170000001000150001702000260003203500140005803700130007208200140008510000180009924501220011726000350023927000940027430000390036850000190040770000180042620161122110532.0 aENG-116560 a9789383649822c820.00 aEN-100092 bDBAD/PUB a327.54047 aChandra Rekha aIndia-Russia post cold war relation :ba new epoch of cooperation /cby Chandra Rekha ; introduction by Vinod Pandey aNew DelhibKW Publishersc2016 a14th floor, building no 10, tower-B, DLF cyber city, Phase-II,bGurgaon (Haryana)e122002 axxiii,222p.:c24cm(Hb)bill (maps) aIncluded index aPandey,Vinod